[Event "HUN-chT2 Erkel 2324"]
[Site "Hunagry"]
[Date "2024.03.10"]
[Round "6.4"]
[White "Trajber, Csaba"]
[Black "Huszar, Lorant"]
[Result "1/2-1/2"]
[WhiteElo "1978"]
[BlackElo "1959"]
[PlyCount "54"]
[EventDate "2023.10.08"]
[EventType "team-tourn"]
[EventRounds "9"]
[EventCountry "HUN"]
[SourceTitle "EXT 2025"]
[Source "ChessBase"]
[SourceDate "2024.10.14"]
[SourceVersion "1"]
[SourceVersionDate "2024.10.14"]
[SourceQuality "1"]
[WhiteTeam "Vac"]
[BlackTeam "Egri Bolyky"]
[WhiteTeamCountry "HUN"]
[BlackTeamCountry "HUN"]

1. e4 e5 2. Nf3 Nc6 3. Bb5 a6 4. Ba4 Nf6 5. Nc3 b5 6. Bb3 Be7 7. d3 0-0 8. a4 b4 9. Nd5 d6 10. Bd2 Rb8 11. h3 Be6 12. a5 Bxd5 13. exd5 Na7 14. Be3 c5 15. dxc6 Nxc6 16. Bb6 Qc8 17. 0-0 Bd8 18. Be3 Nxa5 19. Ba4 Bb6 20. Bg5 Nd5 21. Nd2 h6 22. Qf3 hxg5 23. Qxd5 Qc5 24. Qf3 g4 25. hxg4 Qd4 26. Nb3 Nxb3 27. Bxb3 a5 1/2-1/2

[Event "HUN-chT2 Erkel 2324"]
[Site "Hunagry"]
[Date "2023.10.08"]
[Round "1.5"]
[White "Pasztor, Ferenc"]
[Black "Trajber, Csaba"]
[Result "1-0"]
[WhiteElo "2103"]
[BlackElo "1976"]
[PlyCount "75"]
[EventDate "2023.10.08"]
[EventType "team-tourn"]
[EventRounds "9"]
[EventCountry "HUN"]
[SourceTitle "EXT 2025"]
[Source "ChessBase"]
[SourceDate "2024.10.14"]
[SourceVersion "1"]
[SourceVersionDate "2024.10.14"]
[SourceQuality "1"]
[WhiteTeam "EUTender Sinus"]
[BlackTeam "Vac"]
[WhiteTeamCountry "HUN"]
[BlackTeamCountry "HUN"]

1. c4 e5 2. Nc3 Nf6 3. g3 Bb4 4. Bg2 0-0 5. Nd5 Nxd5 6. cxd5 c6 7. Qb3 Qe7 8. Nf3 a5 9. 0-0 cxd5 10. Qxd5 Nc6 11. d3 d6 12. Bg5 Qe6 13. Nd2 Nd4 14. Rae1 h6 15. Be3 Nc2 16. Rd1 Nxe3 17. fxe3 Bc5 18. Nc4 Qe7 19. d4 Be6 20. Qxb7 Qxb7 21. Bxb7 Bxc4 22. Bxa8 Bxe2 23. dxc5 Rxa8 24. Rxd6 Bxf1 25. Kxf1 Kf8 26. Ke2 Ke7 27. Kd3 Rb8 28. b3 f5 29. Ra6 Rd8+ 30. Kc4 g5 31. Rxh6 f4 32. gxf4 gxf4 33. exf4 exf4 34. Rh3 Ke6 35. Kb5 Kf5 36. Kxa5 Ra8+ 37. Kb6 Rxa2 38. c6 1-0

[Event "HUN-chT2 Erkel 2223"]
[Site "Hungary"]
[Date "2023.02.19"]
[Round "6.5"]
[White "Trajber, Csaba"]
[Black "Szollosi, Laszlo Jr"]
[Result "1/2-1/2"]
[WhiteElo "1969"]
[BlackElo "2031"]
[PlyCount "43"]
[EventDate "2022.11.20"]
[EventType "team-tourn"]
[EventRounds "9"]
[EventCountry "HUN"]
[SourceTitle "EXT 2025"]
[Source "ChessBase"]
[SourceDate "2024.10.14"]
[SourceVersion "1"]
[SourceVersionDate "2024.10.14"]
[SourceQuality "1"]
[WhiteTeam "Vac"]
[BlackTeam "Dunaharaszti II"]
[WhiteTeamCountry "HUN"]
[BlackTeamCountry "HUN"]

1. e4 e6 2. d4 d5 3. Nc3 Nf6 4. Bg5 dxe4 5. Nxe4 Be7 6. Bxf6 Bxf6 7. Nf3 Nd7 8. Bd3 c5 9. Nxf6+ Qxf6 10. c3 0-0 11. Qe2 cxd4 12. Nxd4 Rd8 13. 0-0 e5 14. Nb3 a5 15. a4 Qb6 16. Bb5 f6 17. Rfd1 Nf8 18. Rxd8 Qxd8 19. Rd1 Qb6 20. Nd2 Be6 21. c4 Bf7 22. Ne4 1/2-1/2

[Event "HUN-chT2 Erkel 2223"]
[Site "Hungary"]
[Date "2022.12.04"]
[Round "2.5"]
[White "Trajber, Csaba"]
[Black "Vajda, Albert I"]
[Result "1/2-1/2"]
[WhiteElo "1966"]
[BlackElo "2076"]
[PlyCount "154"]
[EventDate "2022.11.20"]
[EventType "team-tourn"]
[EventRounds "9"]
[EventCountry "HUN"]
[SourceTitle "EXT 2025"]
[Source "ChessBase"]
[SourceDate "2024.10.14"]
[SourceVersion "1"]
[SourceVersionDate "2024.10.14"]
[SourceQuality "1"]
[WhiteTeam "Vac"]
[BlackTeam "Egri Bolyky"]
[WhiteTeamCountry "HUN"]
[BlackTeamCountry "HUN"]

1. e4 e5 2. Nf3 Nc6 3. Bc4 Bc5 4. d3 Nf6 5. 0-0 0-0 6. c3 d6 7. Nbd2 a6 8. b4 Ba7 9. Re1 b5 10. Bb3 a5 11. a3 axb4 12. cxb4 Nd4 13. h3 Nxb3 14. Nxb3 Be6 15. Be3 Bxe3 16. Rxe3 Re8 17. Nfd2 Ra7 18. d4 exd4 19. Nxd4 Bd7 20. Qc2 Qa8 21. Qd3 Rb8 22. Nc2 Be6 23. Nd4 Bd7 24. Rc1 Rb6 25. Rc3 Qf8 26. Qc2 Qb8 27. Nc6 Bxc6 28. Rxc6 Rxc6 29. Qxc6 Qe8 30. Qc2 Qa8 31. Rc3 Ne8 32. Qd3 c6 33. Nf3 Re7 34. Qc2 c5 35. bxc5 dxc5 36. Rxc5 Qxa3 37. Rxb5 Qa1+ 38. Kh2 Qa7 39. e5 Qd7 40. Rb4 f6 41. Re4 fxe5 42. Nxe5 Qd5 43. f4 Nf6 44. Re3 g6 45. Rd3 Qe4 46. Rd8+ Kg7 47. Qxe4 Nxe4 48. Rd7 Rxd7 49. Nxd7 h6 50. g4 Nd6 51. Kg3 Kf7 52. Kf3 Ke6 53. Nc5+ Kd5 54. Nd3 Ke6 55. Ke3 h5 56. f5+ Kf6 57. fxg6 Kxg6 58. Nf4+ Kg5 59. Nxh5 Nf7 60. Kf3 Kh4 61. Kg2 Ne5 62. Nf6 Kg5 63. Ne4+ Kf4 64. Nf2 Ng6 65. Nd3+ Ke3 66. Nc5 Kf4 67. Ne6+ Ke5 68. Ng7 Kf4 69. Nh5+ Kg5 70. Kg3 Ne5 71. h4+ Kh6 72. Nf6 Nd3 73. g5+ Kg6 74. Kf3 Kf5 75. Kg3 Nc5 76. Kf2 Ne6 77. Kf3 Nxg5+ 1/2-1/2

[Event "Balaton op 36th"]
[Site "Balatonlelle"]
[Date "2018.06.13"]
[Round "2"]
[White "Kincs, Imre"]
[Black "Trajber, Csaba"]
[Result "1-0"]
[WhiteElo "2210"]
[BlackElo "2029"]
[PlyCount "86"]
[EventDate "2018.06.12"]
[EventType "swiss"]
[EventRounds "9"]
[EventCountry "HUN"]
[SourceTitle "CBM 185 Extra"]
[Source "ChessBase"]
[SourceDate "2018.07.29"]
[SourceVersion "1"]
[SourceVersionDate "2018.07.29"]
[SourceQuality "1"]

1. d4 Nf6 2. Nf3 e6 3. Bf4 Be7 4. e3 b6 5. Bd3 Bb7 6. Nbd2 d5 7. c3 Nbd7 8. a4 a5 9. Qe2 Ne4 10. h4 Ndf6 11. Ne5 Rc8 12. Ndf3 Nd6 13. Ng5 Nfe4 14. Bb5+ c6 15. Nxe4 Nxe4 16. Bd3 0-0 17. Nf3 f6 18. g4 Bd6 19. Bxd6 Qxd6 20. Bxe4 dxe4 21. Nd2 c5 22. Rh3 e5 23. dxe5 Qxe5 24. Qb5 Qe6 25. Rg3 Ra8 26. 0-0-0 Ba6 27. Qb3 c4 28. Qc2 Rfe8 29. Nf1 b5 30. axb5 Bxb5 31. Rd4 Bc6 32. Nd2 Bd5 33. Qa4 Rac8 34. Qxa5 Red8 35. Rg1 Ra8 36. Qc7 Rdc8 37. Qf4 Ra2 38. Qf5 Rb8 39. Qxd5 Qxd5 40. Rxd5 Rbxb2 41. Nxe4 Rc2+ 42. Kd1 Rcb2 43. Kc1 Rc2+ 1-0

[Event "HUN-chT2 Erkel 1718"]
[Site "Hungary"]
[Date "2017.10.29"]
[Round "3.5"]
[White "Trajber, Csaba"]
[Black "Szalanczy, Emil"]
[Result "0-1"]
[WhiteElo "2054"]
[BlackElo "2195"]
[PlyCount "77"]
[EventDate "2017.09.24"]
[EventType "team-tourn"]
[EventRounds "11"]
[EventCountry "HUN"]
[SourceTitle "EXT 2021"]
[Source "ChessBase"]
[SourceDate "2020.10.23"]
[SourceVersion "1"]
[SourceVersionDate "2020.10.23"]
[SourceQuality "1"]
[WhiteTeam "Fot"]
[BlackTeam "Szigetszentmiklos"]
[WhiteTeamCountry "HUN"]
[BlackTeamCountry "HUN"]

1. e4 c5 2. Nf3 d6 3. Bb5+ Nd7 4. 0-0 a6 5. Bc4 e6 6. a4 Ngf6 7. Re1 Be7 8. c3 Qc7 9. Qe2 0-0 10. Na3 b6 11. d3 Bb7 12. Bf4 Rfe8 13. Rad1 Bf8 14. h3 Rad8 15. Bb3 Bc6 16. Bc2 e5 17. Bg5 b5 18. axb5 axb5 19. Nh4 h6 20. Bc1 g6 21. Qf3 d5 22. Nb1 Bg7 23. Nd2 c4 24. dxc4 dxc4 25. b4 Nh7 26. Qg3 Ndf6 27. Qe3 Ng5 28. f3 Nh5 29. Nf1 Nf4 30. Rxd8 Rxd8 31. Rd1 Rxd1 32. Bxd1 Qd8 33. Qe1 Nd3 34. Qe3 Nxh3+ 35. gxh3 Qxh4 36. Kg2 Bd7 37. Bd2 Bxh3+ 38. Kg1 Kh7 39. Be2 0-1

[Event "HUN-chT2 Erkel 1718"]
[Site "Hungary"]
[Date "2017.10.08"]
[Round "2.5"]
[White "Fodor, Balazs"]
[Black "Trajber, Csaba"]
[Result "1-0"]
[WhiteElo "2158"]
[BlackElo "2054"]
[PlyCount "83"]
[EventDate "2017.09.24"]
[EventType "team-tourn"]
[EventRounds "11"]
[EventCountry "HUN"]
[SourceTitle "EXT 2021"]
[Source "ChessBase"]
[SourceDate "2020.10.23"]
[SourceVersion "1"]
[SourceVersionDate "2020.10.23"]
[SourceQuality "1"]
[WhiteTeam "Budapest MTK II"]
[BlackTeam "Fot"]
[WhiteTeamCountry "HUN"]
[BlackTeamCountry "HUN"]

1. d4 Nf6 2. c4 e6 3. Nf3 d5 4. Nc3 Be7 5. Bf4 Nh5 6. Bg3 0-0 7. e3 c6 8. Bd3 dxc4 9. Bxc4 b5 10. Bd3 Bb7 11. Rc1 Nd7 12. Qc2 h6 13. a3 Rc8 14. 0-0 Nxg3 15. hxg3 Qb6 16. b4 a5 17. Qb2 axb4 18. axb4 Ra8 19. Ne4 Ra4 20. Nc5 Nxc5 21. bxc5 Qa5 22. Ne5 Ra2 23. Ra1 Ra8 24. Rxa2 Qxa2 25. Qxa2 Rxa2 26. Be4 Ra6 27. Nd3 Ra4 28. Rb1 f6 29. Nb4 e5 30. Nxc6 Bf8 31. Bd5+ Kh7 32. Rxb5 Bxc6 33. Bxc6 exd4 34. Be4+ g6 35. Rb7+ Bg7 36. exd4 Rxd4 37. Bf3 Rc4 38. c6 Rc1+ 39. Kh2 h5 40. Bd5 Kh6 41. c7 h4 42. Be6 1-0

[Event "Split op 7th"]
[Site "Split"]
[Date "2017.08.25"]
[Round "7"]
[White "Dabic, Stjepan"]
[Black "Trajber, Csaba"]
[Result "1-0"]
[WhiteElo "1881"]
[BlackElo "2064"]
[PlyCount "81"]
[EventDate "2017.08.20"]
[EventType "swiss"]
[EventRounds "9"]
[EventCountry "CRO"]
[SourceTitle "CBM 180 Extra"]
[Source "ChessBase"]
[SourceDate "2017.10.06"]
[SourceVersion "1"]
[SourceVersionDate "2017.10.06"]
[SourceQuality "1"]

1. d4 f5 2. g3 Nf6 3. Bg2 e6 4. c4 c6 5. Nf3 d5 6. 0-0 Bd6 7. b3 Qe7 8. Bb2 0-0 9. Ne5 b6 10. Nd2 a5 11. Rc1 Bb7 12. e3 Na6 13. Qe2 Ne4 14. f4 Bb4 15. Nxe4 dxe4 16. g4 Bd6 17. Bc3 Ba3 18. Rcd1 Rfd8 19. Kh1 Bd6 20. gxf5 exf5 21. Bh3 Rf8 22. Qh5 Qe8 23. Qxe8 Raxe8 24. Nd7 Rf7 25. Nxb6 Bb4 26. Bb2 g6 27. c5 a4 28. a3 Ba5 29. Nc4 Bc7 30. b4 Nb8 31. Rg1 Ba6 32. Bf1 Kf8 33. Bc3 Rd7 34. Nb2 Bb5 35. Bxb5 cxb5 36. d5 Bd8 37. Be5 Bh4 38. Rd2 Red8 39. Rgd1 Nc6 40. dxc6 Rxd2 41. Rxd2 1-0

[Event "HUN-chT2 Erkel 1516"]
[Site "Hungary"]
[Date "2016.04.17"]
[Round "11.2"]
[White "Fodor, Balazs"]
[Black "Trajber, Csaba"]
[Result "1-0"]
[WhiteElo "1985"]
[BlackElo "1995"]
[PlyCount "56"]
[EventDate "2015.09.13"]
[EventType "team-tourn"]
[EventRounds "11"]
[EventCountry "HUN"]
[SourceTitle "EXT 2017"]
[Source "ChessBase"]
[SourceDate "2016.10.25"]
[SourceVersion "1"]
[SourceVersionDate "2016.10.25"]
[SourceQuality "1"]
[WhiteTeam "Budapest MTK II"]
[BlackTeam "Foti"]
[WhiteTeamCountry "HUN"]
[BlackTeamCountry "HUN"]

1. d4 f5 2. c4 e6 3. g3 Nf6 4. Bg2 c6 5. Nf3 d5 6. 0-0 Bd6 7. b3 Qe7 8. Bb2 0-0 9. a3 b6 10. Nbd2 a5 11. Qc2 Ba6 12. Ne5 Rc8 13. Rfe1 Nbd7 14. Nxd7 Qxd7 15. Rac1 Qe7 16. a4 Ra7 17. f3 Bb4 18. e4 g6 19. Re2 Qd7 20. Rce1 Rac7 21. Bc3 Bxc3 22. Qxc3 Qf7 23. exf5 exf5 24. Re6 Re8 25. Rxe8+ Nxe8 26. f4 Re7 27. Re5 Rxe5 28. fxe5 Qd7 1-0

[Event "Balatonalmadi Pannonia Cup 20th"]
[Site "Balatonalmadi"]
[Date "2015.08.02"]
[Round "7"]
[White "Trajber, Csaba"]
[Black "Dankhazi, Andras"]
[Result "0-1"]
[WhiteElo "2056"]
[BlackElo "2232"]
[PlyCount "150"]
[EventDate "2015.07.29"]
[EventType "swiss"]
[EventRounds "7"]
[EventCountry "HUN"]
[SourceTitle "EXT 2016"]
[Source "ChessBase"]
[SourceDate "2015.10.08"]
[SourceVersion "1"]
[SourceVersionDate "2015.10.08"]
[SourceQuality "1"]

1. e4 c5 2. Nf3 d6 3. d4 cxd4 4. Nxd4 Nf6 5. Nc3 a6 6. Be2 e5 7. Nb3 Be7 8. 0-0 0-0 9. a4 Be6 10. Bf3 Nbd7 11. Re1 Qc7 12. Nd2 Rab8 13. a5 Rbc8 14. Nf1 Rfd8 15. Ne3 Nc5 16. Ned5 Nxd5 17. Nxd5 Bxd5 18. Qxd5 Nd7 19. Re2 b5 20. axb6 Nxb6 21. Qa5 Ra8 22. Be3 Rdb8 23. b3 Bd8 24. Rd2 Nd7 25. Qd5 Be7 26. h3 a5 27. Bh5 g6 28. Be2 Nf6 29. Qd3 Rb4 30. Bf3 Qb7 31. Ra4 Rxa4 32. bxa4 Qb4 33. c4 Qxa4 34. Bd1 Qc6 35. f3 Ra6 36. Rb2 Nd7 37. Kh2 Kg7 38. Qd2 a4 39. Bh6+ Kg8 40. Be2 Ra8 41. Qb4 Bf8 42. Be3 Qc7 43. Qd2 Nc5 44. Ra2 Ne6 45. Qd5 Ra5 46. Qd1 Qc6 47. Qb1 Nd4 48. Bd3 Qa8 49. Qg1 Bg7 50. Qb1 Bf8 51. Qg1 Bg7 52. Qb1 h5 53. Qb6 Ra6 54. Qb4 Bf8 55. Qb2 Ne6 56. c5 Ra5 57. cxd6 Bxd6 58. Bb6 a3 59. Qc3 Ra4 60. Bb5 Rb4 61. Qd3 Qb8 62. Ba7 Qxa7 63. Qxd6 Rxb5 64. Rxa3 Qc7 65. Ra8+ Kg7 66. Qa6 Rb6 67. Qa4 Qc1 68. Qa2 Rd6 69. Qa5 Qf4+ 70. Kg1 Rd1+ 71. Kf2 Qd2+ 72. Qxd2 Rxd2+ 73. Kf1 Nf4 74. Ra5 Rxg2 75. Rxe5 Ra2 0-1

[Event "Level op-A 3rd"]
[Site "Level"]
[Date "2015.03.29"]
[Round "7"]
[White "Erky, Tamas"]
[Black "Trajber, Csaba"]
[Result "0-1"]
[WhiteElo "1624"]
[BlackElo "2022"]
[PlyCount "100"]
[EventDate "2015.03.27"]
[EventType "swiss"]
[EventRounds "7"]
[EventCountry "HUN"]
[SourceTitle "EXT 2020"]
[Source "ChessBase"]
[SourceDate "2019.10.17"]
[SourceVersion "1"]
[SourceVersionDate "2019.10.17"]
[SourceQuality "1"]

1. e4 c5 2. Nf3 a6 3. d4 cxd4 4. Nxd4 Nf6 5. Nc3 e5 6. Nb3 Bb4 7. Bg5 Bxc3+ 8. bxc3 Qc7 9. Qf3 Qc6 10. Bxf6 Qxf6 11. Qxf6 gxf6 12. Na5 b5 13. Rb1 Nc6 14. Nxc6 dxc6 15. c4 f5 16. Bd3 f4 17. f3 Be6 18. cxb5 axb5 19. 0-0 Ke7 20. Rfc1 Rxa2 21. c4 Rg8 22. Bf1 Bxc4 23. Bxc4 Rgxg2+ 24. Kh1 Rxh2+ 25. Kg1 Rag2+ 26. Kf1 bxc4 27. Rb7+ Kd6 28. Rxc4 Rb2 29. Kg1 Rxb7 30. Kxh2 f5 31. exf5 Rf7 32. Kh3 h5 33. Kh4 Rxf5 34. Ra4 Kd5 35. Rb4 c5 36. Rb7 Kd4 37. Rd7+ Ke3 38. Rc7 Kd4 39. Rd7+ Kc3 40. Rc7 c4 41. Rc6 Kd3 42. Rd6+ Kc2 43. Rc6 c3 44. Rd6 Kc1 45. Rc6 c2 46. Rc7 Kd2 47. Rd7+ Ke2 48. Rc7 Kxf3 49. Rxc2 e4 50. Rg2 e3 0-1